Countries with the Greatest Population Decline Between 2016 - 2050 - Statistics

General Stats
  • This quiz has been taken 314 times
  • The average score is 6 of 8
Answer Stats
Decline in Millions Answer % Correct
34.1 China
94%
24.7 Japan
94%
7.9 Russia
91%
9.1 Ukraine
75%
4.5 Poland
67%
5.8 Romania
64%
3.5 Spain
59%
3.0 Taiwan
41%
No matching quizzes found
Score Distribution
Percent of People with Each Score
Percentile by Number Answered
Your Score History
You have not taken this quiz